ARRUPE JESUIT UNIVERSITY

CORONAVIRUS -STOP THE SPREAD - CLEAN,DISINFECT,COVER

Racism, racial discrimination, xenophobia and related intolerances in Tanzania (Record no. 61556)

MARC details
000 -LEADER
fixed length control field 00566nam a2200205Ia 4500
003 - CONTROL NUMBER IDENTIFIER
control field 0100
005 - DATE AND TIME OF LATEST TRANSACTION
control field 20170428095047.0
008 - FIXED-LENGTH DATA ELEMENTS--GENERAL INFORMATION
fixed length control field 130303s9999 xx 000 0 und d
040 ## - CATALOGING SOURCE
Transcribing agency ARRUPELIB
050 ## - LIBRARY OF CONGRESS CALL NUMBER
Classification number DT448.2.P478
300 ## - PHYSICAL DESCRIPTION
Other physical details 24cm
100 ## - MAIN ENTRY--PERSONAL NAME
Personal name Peter, Chris Maina
9 (RLIN) 30090
245 ## - TITLE STATEMENT
Title Racism, racial discrimination, xenophobia and related intolerances in Tanzania
260 ## - PUBLICATION, DISTRIBUTION, ETC. (IMPRINT)
Name of publisher, distributor, etc University of Dar es Salaam
Place of publication, distribution, etc Dar es Salaam
Date of publication, distribution, etc 2002
300 ## - PHYSICAL DESCRIPTION
Extent 56p.
440 ## - SERIES STATEMENT/ADDED ENTRY--TITLE
Title Occasional Paper Series vol. 6 no. 2
9 (RLIN) 30091
650 ## - SUBJECT ADDED ENTRY--TOPICAL TERM
Topical term following geographic name as entry element Tanzania
General subdivision Race relations
9 (RLIN) 30092
942 ## - ADDED ENTRY ELEMENTS (KOHA)
Source of classification or shelving scheme Library of Congress Classification
Koha item type Monograph ( Printed materials)
Holdings
Withdrawn status Lost status Source of classification or shelving scheme Damaged status Not for loan Collection code Home library Current library Shelving location Date acquired Total Checkouts Full call number Barcode Date last seen Date checked out Copy number Price effective from Koha item type
    Library of Congress Classification     Main Collection ARRUPE LIBRARY ARRUPE LIBRARY   05/03/2013 1 DT448.2.P478 46003094212 11/05/2023 31/01/2023 1 05/03/2013 Monograph ( Printed materials)

 

Arrupe Library. PO Box MP320 Mt Pleasant, Harare, Zimbabwe
263 242 745411|librarian@aju.ac.zw